000
00290nam a2200109 4500
999
_c
14054
_d
14054
008
190730b ||||| |||| 00| 0 eng d
245
_a
Dabawenya bags owwa nat'l award.
260
_a
Davao City:
_b
Sun Star Davao;
_c
c2019.
300
_a
page 6.
650
0
_9
39054
_a
Awards.
942
_2
ddc
_c
PER